Herbs : a complete guide to their cultivation and use.
| Main Author: | |
|---|---|
| Format: | Book |
| Published: |
London:
Tiger Books International,
1996.
|
| Subjects: |
| LEADER | 00442cam a2200157 7i4500 | ||
|---|---|---|---|
| 001 | 0000006694 | ||
| 005 | 19991025090000.0 | ||
| 002 | ##000008402 | ||
| 020 | 0 | 0 | |a 1-85501-217-0 |
| 090 | 0 | 0 | |a P 581.63 |b BON |
| 100 | 0 | 0 | |a Bonar |
| 245 | 0 | 0 | |a Herbs : |b a complete guide to their cultivation and use. |
| 260 | 0 | 0 | |a London: |b Tiger Books International, |c 1996. |
| 300 | 0 | 0 | |a 144 p.. |
| 650 | 0 | 0 | |a Herbs |
| 999 | |a 0000009666 |b Book |c Open shelf |e Business Information Centre | ||


